[Event "IECG RI.2007.0.00094 email"]
[Site "IECG email"]
[Date "2007.02.22"]
[Round "?"]
[White "Dehaybe, Andre"]
[Black "Marolt, Tone"]
[Result "1-0"]
[WhiteElo "1972"]
[BlackElo "1433"]
[PlyCount "35"]
[EventDate "2007.02.22"]
[EventType "tourn (corr)"]
[EventRounds "6"]
[SourceTitle "Corr 2008"]
[Source "ChessBase"]
[SourceDate "2008.06.24"]
[SourceVersion "1"]
[SourceVersionDate "2008.06.24"]
[SourceQuality "1"]

1. e4 e5 2. Nf3 Nc6 3. Bb5 a6 4. Bxc6 dxc6 5. 0-0 Qd6 6. Na3 Be6 7. Qe2 f6 8. d4 exd4 9. Rd1 Bg4 10. Be3 c5 11. c3 Ne7 12. cxd4 cxd4 13. Nc4 Qe6 14. Nxd4 Bxe2 15. Nxe6 Rc8 16. Rdc1 Bxc4 17. Rxc4 Nc6 18. Bc5 1-0

[Event "IECG RI.2007.0.00094 email"]
[Site "IECG email"]
[Date "2007.02.22"]
[Round "?"]
[White "Suarez, Ron"]
[Black "Marolt, Tone"]
[Result "1-0"]
[WhiteElo "1752"]
[BlackElo "1433"]
[PlyCount "33"]
[EventDate "2007.02.22"]
[EventType "tourn (corr)"]
[EventRounds "6"]
[SourceTitle "Corr 2008"]
[Source "ChessBase"]
[SourceDate "2008.06.24"]
[SourceVersion "1"]
[SourceVersionDate "2008.06.24"]
[SourceQuality "1"]

1. e4 e5 2. Bc4 Nf6 3. d3 c6 4. Nf3 d5 5. Bb3 Bd6 6. exd5 cxd5 7. Bg5 Be6 8. Nc3 Qa5 9. 0-0 Nbd7 10. Qe1 0-0 11. Bxf6 gxf6 12. Nxd5 Qxe1 13. Rfxe1 Rac8 14. Ne3 Nc5 15. d4 Nxb3 16. axb3 e4 17. Nd2 1-0

[Event "IECG RL.2006.0.00051"]
[Site "IECG email"]
[Date "2006.07.20"]
[Round "?"]
[White "Marolt, Tone"]
[Black "Schalkwijk, Peter H"]
[Result "1-0"]
[WhiteElo "1213"]
[BlackElo "1536"]
[PlyCount "37"]
[EventDate "2006.07.20"]
[EventType "tourn (corr)"]
[EventRounds "6"]
[SourceTitle "Corr 2008"]
[Source "ChessBase"]
[SourceDate "2008.06.24"]
[SourceVersion "1"]
[SourceVersionDate "2008.06.24"]
[SourceQuality "1"]

1. Nf3 d5 2. d4 Nf6 3. Bf4 c6 4. e3 Bg4 5. Nbd2 Nbd7 6. h3 Bh5 7. Bd3 e6 8. c3 Qb6 9. 0-0 Qxb2 10. Rb1 Qxc3 11. Rb3 Qa5 12. Rxb7 Qxa2 13. Qc1 Rc8 14. Qc3 Qa3 15. Rb3 Qe7 16. Ba6 Qd8 17. Bxc8 Qxc8 18. Rfb1 Nb6 19. Rxb6 1-0

[Event "IECG RL.2006.0.00049"]
[Site "IECG email"]
[Date "2006.07.07"]
[Round "?"]
[White "Nash, Chris"]
[Black "Marolt, Tone"]
[Result "0-1"]
[WhiteElo "1096"]
[BlackElo "1213"]
[PlyCount "96"]
[EventDate "2006.07.07"]
[EventType "tourn (corr)"]
[EventRounds "6"]
[SourceTitle "Corr 2008"]
[Source "ChessBase"]
[SourceDate "2008.06.24"]
[SourceVersion "1"]
[SourceVersionDate "2008.06.24"]
[SourceQuality "1"]

1. e4 e5 2. Nf3 Nc6 3. Bb5 Bc5 4. 0-0 Nge7 5. Nc3 d6 6. Na4 0-0 7. Nxc5 dxc5 8. Bxc6 Nxc6 9. d3 Bg4 10. h3 Bd7 11. Be3 b6 12. Nh2 f5 13. exf5 Bxf5 14. Qd2 e4 15. dxe4 Qxd2 16. Bxd2 Bxe4 17. c3 Rad8 18. Bg5 Rd5 19. Bh4 Rd7 20. Rae1 Bd5 21. Ng4 Bxa2 22. Ne5 Nxe5 23. Rxe5 a5 24. Rfe1 h6 25. Bg3 a4 26. Re7 Rf7 27. Re8+ Kh7 28. R8e4 Bb3 29. f3 Rd2 30. R4e2 Rxe2 31. Rxe2 Rd7 32. Bf4 g5 33. Rd2 Re7 34. Bg3 Kg6 35. Kf1 Bc4+ 36. Kf2 Bb5 37. h4 Bc4 38. hxg5 hxg5 39. Bh2 b5 40. f4 b4 41. cxb4 cxb4 42. fxg5 a3 43. bxa3 bxa3 44. Rd1 Kxg5 45. Rc1 a2 46. Bg1 c5 47. Kg3 Rb7 48. Be3+ Kf5 0-1

[Event "IECG RL.2006.0.00049"]
[Site "IECG email"]
[Date "2006.07.07"]
[Round "?"]
[White "Schalkwijk, Peter H"]
[Black "Marolt, Tone"]
[Result "0-1"]
[WhiteElo "1583"]
[BlackElo "1213"]
[PlyCount "72"]
[EventDate "2006.07.07"]
[EventType "tourn (corr)"]
[EventRounds "6"]
[SourceTitle "Corr 2008"]
[Source "ChessBase"]
[SourceDate "2008.06.24"]
[SourceVersion "1"]
[SourceVersionDate "2008.06.24"]
[SourceQuality "1"]

1. d4 c5 2. e4 cxd4 3. c3 Nf6 4. e5 Nd5 5. cxd4 d6 6. Nf3 Nc6 7. Bc4 Nb6 8. Bb5 d5 9. Nc3 Bg4 10. h3 Bh5 11. g4 Bg6 12. e6 Qd6 13. exf7+ Kxf7 14. Bxc6 bxc6 15. Ne5+ Kg8 16. f4 Nc4 17. 0-0 Nxe5 18. fxe5 Qd7 19. Be3 h5 20. Rf2 hxg4 21. hxg4 e6 22. Rh2 Rxh2 23. Kxh2 Rb8 24. Qe2 Qe7 25. Rd1 Qh4+ 26. Kg2 Qh7 27. Bc1 c5 28. Qa6 cxd4 29. Rxd4 Bc5 30. Rf4 Bb6 31. Qa3 Bf7 32. Qa4 Be8 33. Qd1 Rc8 34. g5 d4 35. Ne2 Rc2 36. Rh4 Qf5 0-1

[Event "LSS RL-2006-0-00044"]
[Site "LSS email"]
[Date "2006.05.15"]
[Round "?"]
[White "Wurm, Tamas"]
[Black "Marolt, Tone"]
[Result "1/2-1/2"]
[WhiteElo "1113"]
[BlackElo "1422"]
[PlyCount "28"]
[EventDate "2006.04.29"]
[EventType "tourn (corr)"]
[EventRounds "6"]
[EventCountry "GER"]
[SourceTitle "Corr 2015"]
[Source "ChessBase"]
[SourceDate "2015.07.17"]
[SourceVersion "1"]
[SourceVersionDate "2015.07.17"]
[SourceQuality "1"]

1. e4 d5 2. exd5 Qxd5 3. Nc3 Qa5 4. d4 c6 5. Nf3 Bg4 6. Be2 e6 7. 0-0 Nf6 8. Ne5 Bxe2 9. Qxe2 Nbd7 10. Re1 Nxe5 11. dxe5 Nd5 12. Nxd5 cxd5 13. Bd2 Qc7 14. c3 Qc4 1/2-1/2

[Event "IECG RL.2006.0.00044"]
[Site "IECG email"]
[Date "2006.04.29"]
[Round "?"]
[White "Marolt, Tone"]
[Black "McDaniel, Jeff"]
[Result "1-0"]
[WhiteElo "1199"]
[BlackElo "1500"]
[PlyCount "47"]
[EventDate "2006.04.29"]
[EventType "tourn (corr)"]
[EventRounds "6"]
[SourceTitle "Corr 2008"]
[Source "ChessBase"]
[SourceDate "2008.06.24"]
[SourceVersion "1"]
[SourceVersionDate "2008.06.24"]
[SourceQuality "1"]

1. e4 e5 2. Nf3 Nc6 3. Nc3 Nf6 4. d4 Bb4 5. Nxe5 Nxe4 6. Qg4 Bxc3+ 7. bxc3 d6 8. Qxg7 Qf6 9. Qxf6 Nxf6 10. Nxc6 bxc6 11. Bd3 Be6 12. Bg5 Nd5 13. Bd2 Kd7 14. 0-0 f5 15. Bc4 Rab8 16. Rab1 Rb6 17. Rb3 Rhb8 18. f4 Nf6 19. Bxe6+ Kxe6 20. c4 d5 21. c5 Ne4 22. cxb6 Kf6 23. bxc7 Rc8 24. Ba5 1-0

[Event "IECG RL.2006.0.00044"]
[Site "IECG email"]
[Date "2006.04.29"]
[Round "?"]
[White "Marolt, Tone"]
[Black "Sarihan, Sefa"]
[Result "1-0"]
[WhiteElo "1199"]
[BlackElo "1000"]
[PlyCount "67"]
[EventDate "2006.04.29"]
[EventType "tourn (corr)"]
[EventRounds "6"]
[SourceTitle "Corr 2008"]
[Source "ChessBase"]
[SourceDate "2008.06.24"]
[SourceVersion "1"]
[SourceVersionDate "2008.06.24"]
[SourceQuality "1"]

1. d4 e6 2. e4 d5 3. e5 c5 4. c3 Qb6 5. Nf3 Nc6 6. Bd3 Bd7 7. dxc5 Bxc5 8. 0-0 a5 9. Qc2 Rc8 10. Nbd2 Be7 11. Qb3 Qc7 12. Re1 Na7 13. a4 Rb8 14. Nd4 Bd8 15. N2f3 Ne7 16. Qc2 Ng6 17. Qe2 Bc6 18. Bd2 0-0 19. h4 Nxh4 20. Nxh4 Bxh4 21. Bxh7+ Kxh7 22. Qh5+ Kg8 23. Qxh4 Rfe8 24. Re3 Qe7 25. Qh5 g6 26. Rg3 Qf8 27. Qh4 Qg7 28. Re1 Nc8 29. Bg5 Qh7 30. Qf4 f5 31. Rh3 Qd7 32. Bf6 Re7 33. Rh8+ Kf7 34. Qh6 1-0

[Event "IECG RL.2006.0.00042"]
[Site "IECG email"]
[Date "2006.04.15"]
[Round "?"]
[White "Marolt, Tone"]
[Black "Bellanger, Michel"]
[Result "0-1"]
[WhiteElo "1199"]
[BlackElo "1000"]
[PlyCount "56"]
[EventDate "2006.04.15"]
[EventType "tourn (corr)"]
[EventRounds "6"]
[SourceTitle "Corr 2008"]
[Source "ChessBase"]
[SourceDate "2008.06.24"]
[SourceVersion "1"]
[SourceVersionDate "2008.06.24"]
[SourceQuality "1"]

1. d4 e6 2. c4 d6 3. Nc3 b6 4. e4 g6 5. Nf3 Bg7 6. Be3 Bb7 7. Qd2 h6 8. Bd3 Ne7 9. h4 a6 10. a3 Nd7 11. Bc2 Nf6 12. Nh2 d5 13. cxd5 exd5 14. f3 c5 15. dxc5 bxc5 16. Bxc5 0-0 17. Rd1 Rc8 18. Qf2 Qc7 19. Bxe7 Qxe7 20. 0-0 dxe4 21. Qe3 Rfe8 22. f4 Bf8 23. Ba4 Qc5 24. Qf2 e3 25. Qe2 Re7 26. g4 Bg7 27. f5 Qe5 28. Nf3 Qg3+ 0-1

[Event "CFriend SL-2004-0-00018 email"]
[Site "Chessfriend.com"]
[Date "2004.04.15"]
[Round "?"]
[White "Arauz, Christopher"]
[Black "Marolt, Tone"]
[Result "0-1"]
[WhiteElo "770"]
[BlackElo "1175"]
[PlyCount "50"]
[EventDate "2004.??.??"]
[EventType "tourn (corr)"]
[EventRounds "12"]
[SourceTitle "Corr 2008"]
[Source "ChessBase"]
[SourceDate "2008.06.24"]
[SourceVersion "1"]
[SourceVersionDate "2008.06.24"]
[SourceQuality "1"]

1. e4 c6 2. Nf3 d5 3. exd5 cxd5 4. d4 Bg4 5. h3 Bh5 6. Bf4 Nc6 7. Be2 e6 8. 0-0 Bd6 9. Qd2 Nf6 10. c3 Ne4 11. Qe3 Qc7 12. Bxd6 Qxd6 13. Nbd2 f5 14. Rfe1 0-0 15. Bb5 Nxd2 16. Nxd2 Rf6 17. Bxc6 Qxc6 18. Qg5 Bf7 19. Nf3 Qc7 20. Ne5 h6 21. Qf4 Rc8 22. h4 a5 23. Re3 Bh5 24. Rae1 Re8 25. Qg3 f4 0-1

[Event "CFriend SL-2004-0-00018 email"]
[Site "Chessfriend.com"]
[Date "2004.04.15"]
[Round "?"]
[White "Marolt, Tone"]
[Black "Castellano, Antonio Jr"]
[Result "1/2-1/2"]
[WhiteElo "1175"]
[BlackElo "1006"]
[PlyCount "59"]
[EventDate "2004.??.??"]
[EventType "tourn (corr)"]
[EventRounds "12"]
[SourceTitle "Corr 2008"]
[Source "ChessBase"]
[SourceDate "2008.06.24"]
[SourceVersion "1"]
[SourceVersionDate "2008.06.24"]
[SourceQuality "1"]

1. f4 d5 2. Nf3 e6 3. e3 Nf6 4. Be2 Bc5 5. d4 Bb6 6. 0-0 0-0 7. c3 c6 8. Nbd2 Nbd7 9. Bd3 Ne8 10. Ng5 g6 11. b3 Ng7 12. c4 c5 13. Bb2 h6 14. Ngf3 cxd4 15. exd4 Nf6 16. c5 Ba5 17. Qc2 Nf5 18. Rae1 Ng4 19. Bxf5 exf5 20. Bc3 Be6 21. b4 Bc7 22. Ne5 Re8 23. h3 Nxe5 24. fxe5 Qd7 25. a4 a6 26. Ra1 b6 27. Nb3 Qe7 28. Bd2 f6 29. exf6 Qxf6 30. Bf4 1/2-1/2

[Event "CFriend SL-2004-0-00018 email"]
[Site "Chessfriend.com"]
[Date "2004.04.15"]
[Round "?"]
[White "Pott, Brian"]
[Black "Marolt, Tone"]
[Result "1-0"]
[WhiteElo "1676"]
[BlackElo "1175"]
[PlyCount "55"]
[EventDate "2004.??.??"]
[EventType "tourn (corr)"]
[EventRounds "12"]
[SourceTitle "Corr 2008"]
[Source "ChessBase"]
[SourceDate "2008.06.24"]
[SourceVersion "1"]
[SourceVersionDate "2008.06.24"]
[SourceQuality "1"]

1. e4 c6 2. d4 d5 3. e5 Bf5 4. Nf3 e6 5. Be2 Be7 6. 0-0 Nd7 7. b3 h5 8. c4 Nh6 9. Nc3 g6 10. a4 a5 11. Re1 Bb4 12. Bd2 Bxc3 13. Bxc3 g5 14. Nd2 g4 15. cxd5 cxd5 16. Bb5 0-0 17. Nf1 f6 18. Qd2 Kh7 19. Bxd7 Qxd7 20. Bxa5 fxe5 21. Rac1 Rfc8 22. dxe5 Kg6 23. Rxc8 Rxc8 24. Qf4 Qe7 25. Bd2 Nf7 26. Ne3 Be4 27. Nc4 Rxc4 28. bxc4 1-0

[Event "CFriend SL-2003-0-00006 email"]
[Site "Chessfriend.com"]
[Date "2003.03.26"]
[Round "?"]
[White "Bouma, Jan"]
[Black "Marolt, Tone"]
[Result "1-0"]
[WhiteElo "1761"]
[BlackElo "1132"]
[PlyCount "51"]
[EventDate "2003.02.25"]
[EventType "tourn (corr)"]
[EventRounds "12"]
[SourceTitle "Corr 2008"]
[Source "ChessBase"]
[SourceDate "2008.06.24"]
[SourceVersion "1"]
[SourceVersionDate "2008.06.24"]
[SourceQuality "1"]

1. d4 d5 2. c4 c6 3. Nf3 Nf6 4. Nc3 e6 5. g3 Nbd7 6. Bg2 dxc4 7. a4 Bb4 8. 0-0 0-0 9. Qc2 a5 10. Rd1 Qe7 11. Na2 Bd6 12. Bg5 h6 13. Bxf6 Qxf6 14. Qxc4 e5 15. Nc3 Qe7 16. Rac1 Nf6 17. dxe5 Bxe5 18. Nxe5 Qxe5 19. Qd4 Qxd4 20. Rxd4 Be6 21. b4 axb4 22. Rxb4 Bc8 23. f4 Rd8 24. e4 Rd2 25. e5 Ng4 26. Ne4 1-0

[Event "CFriend SL-2003-0-00006 email"]
[Site "Chessfriend.com"]
[Date "2003.03.26"]
[Round "?"]
[White "Chuprys, Viktar"]
[Black "Marolt, Tone"]
[Result "1-0"]
[WhiteElo "1517"]
[BlackElo "1132"]
[PlyCount "45"]
[EventDate "2003.02.25"]
[EventType "tourn (corr)"]
[EventRounds "12"]
[SourceTitle "Corr 2008"]
[Source "ChessBase"]
[SourceDate "2008.06.24"]
[SourceVersion "1"]
[SourceVersionDate "2008.06.24"]
[SourceQuality "1"]

1. e4 e5 2. Nf3 Nf6 3. Nxe5 d6 4. Nf3 Nxe4 5. d4 d5 6. Bd3 Bd6 7. c4 c6 8. 0-0 0-0 9. Re1 Re8 10. Nc3 Nxc3 11. bxc3 Rxe1+ 12. Qxe1 h6 13. Rb1 dxc4 14. Bxc4 b5 15. Bd3 Be6 16. Qe4 Kf8 17. Qh7 Qf6 18. Rb2 Ke7 19. Qg8 a6 20. Re2 Ra7 21. Ne5 h5 22. h4 Qxh4 23. Ng6+ 1-0

[Event "CFriend SL-2003-0-00006 email"]
[Site "Chessfriend.com"]
[Date "2003.03.26"]
[Round "?"]
[White "Hendershot, Paul"]
[Black "Marolt, Tone"]
[Result "1-0"]
[WhiteElo "710"]
[BlackElo "1132"]
[PlyCount "54"]
[EventDate "2003.02.25"]
[EventType "tourn (corr)"]
[EventRounds "12"]
[SourceTitle "Corr 2008"]
[Source "ChessBase"]
[SourceDate "2008.06.24"]
[SourceVersion "1"]
[SourceVersionDate "2008.06.24"]
[SourceQuality "1"]

1. e4 c5 2. d3 Nc6 3. Be3 e6 4. Nf3 d5 5. Nc3 d4 6. Bxd4 cxd4 7. Ne2 e5 8. c3 Bg4 9. h3 Bxf3 10. gxf3 Bc5 11. Qb3 Nge7 12. f4 dxc3 13. Nxc3 0-0 14. fxe5 Nxe5 15. Rd1 Nf3+ 16. Ke2 Nd4+ 17. Ke1 Nxb3 18. axb3 Qb6 19. d4 Bxd4 20. Rh2 Be5 21. Rg2 Qxb3 22. Nd5 Nxd5 23. Rxd5 Rad8 24. Be2 Rxd5 25. exd5 Qxd5 26. Bf3 Qxf3 27. Kf1 Qd1# 1-0

[Event "CFriend SL-2003-0-00006 email"]
[Site "Chessfriend.com"]
[Date "2003.03.26"]
[Round "?"]
[White "Marolt, Tone"]
[Black "Quizielvu, Massimo"]
[Result "0-1"]
[WhiteElo "1132"]
[BlackElo "1582"]
[PlyCount "40"]
[EventDate "2003.02.25"]
[EventType "tourn (corr)"]
[EventRounds "12"]
[SourceTitle "Corr 2008"]
[Source "ChessBase"]
[SourceDate "2008.06.24"]
[SourceVersion "1"]
[SourceVersionDate "2008.06.24"]
[SourceQuality "1"]

1. e4 c5 2. Nf3 d6 3. d4 cxd4 4. Nxd4 Nf6 5. Nc3 a6 6. Be3 e5 7. Nb3 Be7 8. f3 Be6 9. Qd2 Nbd7 10. g4 h6 11. 0-0-0 b5 12. h4 Nb6 13. Qf2 Nfd7 14. Kb1 Qc7 15. Nd5 Bxd5 16. exd5 Nc4 17. Bc1 a5 18. Bd3 a4 19. Nd2 Rb8 20. Ne4 b4 0-1

[Event "CFriend SL-2003-0-00006 email"]
[Site "Chessfriend.com"]
[Date "2003.03.26"]
[Round "?"]
[White "Marolt, Tone"]
[Black "Winfrey, Harley"]
[Result "0-1"]
[WhiteElo "1132"]
[BlackElo "798"]
[PlyCount "55"]
[EventDate "2003.02.25"]
[EventType "tourn (corr)"]
[EventRounds "12"]
[SourceTitle "Corr 2008"]
[Source "ChessBase"]
[SourceDate "2008.06.24"]
[SourceVersion "1"]
[SourceVersionDate "2008.06.24"]
[SourceQuality "1"]

1. e4 e5 2. f4 d6 3. d4 Bd7 4. Nf3 Nc6 5. d5 g6 6. dxc6 Bxc6 7. Nc3 Qe7 8. Nd5 Bxd5 9. Qxd5 0-0-0 10. fxe5 dxe5 11. Qxe5 Qxe5 12. Nxe5 Bg7 13. Nxf7 Ne7 14. Nxd8 Rxd8 15. c3 a6 16. Be2 Nc6 17. Bg4+ Kb8 18. Bf4 Ne5 19. Bxe5 Bxe5 20. Rd1 Rf8 21. g3 h5 22. Bh3 g5 23. Rf1 Rxf1+ 24. Kxf1 c5 25. Bf5 Kc7 26. Rd5 Bd6 27. e5 Kc6 28. Rxd6+ 0-1

[Event "IECG CF.2002.0.00035 email"]
[Site "IECG email"]
[Date "2002.10.13"]
[Round "?"]
[White "Chester, Ian"]
[Black "Marolt, Tone"]
[Result "1-0"]
[WhiteElo "1091"]
[BlackElo "1120"]
[PlyCount "53"]
[EventDate "2002.10.13"]
[EventType "tourn (corr)"]
[EventRounds "6"]
[SourceTitle "Corr 2008"]
[Source "ChessBase"]
[SourceDate "2008.06.24"]
[SourceVersion "1"]
[SourceVersionDate "2008.06.24"]
[SourceQuality "1"]

1. e4 e5 2. Nf3 Nf6 3. Nxe5 d6 4. Nf3 Nxe4 5. d4 d5 6. Bd3 Bd6 7. 0-0 0-0 8. c4 c6 9. Qc2 f5 10. Nc3 Na6 11. a3 Nc7 12. b4 Bd7 13. c5 Be7 14. Ne5 Nxc3 15. Qxc3 Ne6 16. f4 Be8 17. Bb2 Bf6 18. Bxf5 Nc7 19. Bc2 Bxe5 20. dxe5 Qh4 21. f5 Bh5 22. e6 Ne8 23. Rae1 Nf6 24. g3 Qh3 25. Qe5 Rac8 26. Rf4 Bg4 27. e7 1-0

[Event "IECG CF.2002.0.00035 email"]
[Site "IECG email"]
[Date "2002.10.13"]
[Round "?"]
[White "Marolt, Tone"]
[Black "Hettinga, Kasper"]
[Result "1/2-1/2"]
[WhiteElo "1120"]
[BlackElo "1000"]
[PlyCount "47"]
[EventDate "2002.10.13"]
[EventType "tourn (corr)"]
[EventRounds "6"]
[SourceTitle "Corr 2008"]
[Source "ChessBase"]
[SourceDate "2008.06.24"]
[SourceVersion "1"]
[SourceVersionDate "2008.06.24"]
[SourceQuality "1"]

1. e4 e5 2. Nf3 Nc6 3. d4 exd4 4. Nxd4 Bc5 5. Nxc6 bxc6 6. Bd3 Nf6 7. Bg5 0-0 8. 0-0 h6 9. Bh4 d6 10. Kh1 Rb8 11. b3 d5 12. Nd2 Re8 13. Re1 Ng4 14. Qxg4 Bxg4 15. Bxd8 Rbxd8 16. f3 Bd7 17. Rad1 Bf2 18. Re2 Bd4 19. c4 Be6 20. exd5 cxd5 21. cxd5 Bxd5 22. Rxe8+ Rxe8 23. Bc4 Bxc4 24. Nxc4 1/2-1/2

[Event "IECG CF.2002.0.00023 email"]
[Site "IECG email"]
[Date "2002.04.12"]
[Round "?"]
[White "Marolt, Tone"]
[Black "Hall, Roland"]
[Result "1/2-1/2"]
[WhiteElo "1139"]
[BlackElo "1139"]
[PlyCount "63"]
[EventDate "2002.04.12"]
[EventType "tourn (corr)"]
[EventRounds "6"]
[SourceTitle "Corr 2008"]
[Source "ChessBase"]
[SourceDate "2008.06.24"]
[SourceVersion "1"]
[SourceVersionDate "2008.06.24"]
[SourceQuality "1"]

1. e4 e5 2. Nf3 Nc6 3. d4 exd4 4. Nxd4 Bb4+ 5. c3 Bc5 6. Nxc6 bxc6 7. Bd3 d6 8. 0-0 Ne7 9. Bg5 f6 10. Bh4 Ng6 11. Qh5 Qd7 12. h3 Qf7 13. Nd2 Ne5 14. Qxf7+ Kxf7 15. Bc2 a5 16. Bg3 Ba6 17. Rfe1 Rab8 18. Bb3+ Ke7 19. Bxe5 fxe5 20. Rab1 Rhf8 21. Nf3 g5 22. Red1 Be2 23. Rd2 Bxf3 24. gxf3 Rxf3 25. Kg2 Rbf8 26. Rf1 R3f4 27. f3 h5 28. Bc4 d5 29. Bd3 R4f6 30. c4 d4 31. b3 Bb4 32. Rdf2 1/2-1/2

[Event "IECG CF.2002.0.00023 email"]
[Site "IECG email"]
[Date "2002.04.12"]
[Round "?"]
[White "Zagorski, Franck"]
[Black "Marolt, Tone"]
[Result "1/2-1/2"]
[WhiteElo "1000"]
[BlackElo "1139"]
[PlyCount "48"]
[EventDate "2002.04.12"]
[EventType "tourn (corr)"]
[EventRounds "6"]
[SourceTitle "Corr 2008"]
[Source "ChessBase"]
[SourceDate "2008.06.24"]
[SourceVersion "1"]
[SourceVersionDate "2008.06.24"]
[SourceQuality "1"]

1. e4 e5 2. Nf3 Nf6 3. Nxe5 d6 4. Nf3 Nxe4 5. d4 d5 6. Bd3 Bd6 7. 0-0 0-0 8. c4 c6 9. Qc2 f5 10. Nc3 Na6 11. a3 Nc7 12. c5 Be7 13. Bf4 Ne6 14. Be5 Bf6 15. Ne2 Qe8 16. Bxf6 Rxf6 17. b4 Rh6 18. Qb2 Qh5 19. Ng3 Qg4 20. Ne5 Qh4 21. Nf3 Qf6 22. Ne5 Qh4 23. Nf3 Qf6 24. Ne5 Qh4 1/2-1/2

[Event "IECG CN.2002.0.00275 email"]
[Site "IECG email"]
[Date "2002.01.09"]
[Round "?"]
[White "Marolt, Tone"]
[Black "Van Elsbergen, Klaus"]
[Result "1-0"]
[WhiteElo "987"]
[BlackElo "800"]
[PlyCount "55"]
[EventDate "2002.01.09"]
[EventType "tourn (corr)"]
[EventRounds "6"]
[SourceTitle "Corr 2008"]
[Source "ChessBase"]
[SourceDate "2008.06.24"]
[SourceVersion "1"]
[SourceVersionDate "2008.06.24"]
[SourceQuality "1"]

1. e4 e5 2. f4 d6 3. Nf3 Bg4 4. Bc4 Nh6 5. fxe5 Bxf3 6. Qxf3 dxe5 7. d3 Bc5 8. Bxh6 Qh4+ 9. g3 Qf6 10. Qxf6 gxf6 11. Bg7 Rg8 12. Bxf6 Nd7 13. Bh4 a6 14. Rf1 Rf8 15. Nc3 f6 16. Nd5 Rc8 17. Nxf6+ Rxf6 18. Bxf6 Kf8 19. Bxe5+ Ke7 20. Rf7+ Ke8 21. Rxd7 Kxd7 22. d4 Bb4+ 23. c3 Be7 24. Bg7 b5 25. Bf7 a5 26. d5 b4 27. Be6+ Kd8 28. Bxc8 1-0